Public and private morality (Record no. 33248)

MARC details
000 -LEADER
fixed length control field 00284nam a2200109Ia 4500
082 ## - DEWEY DECIMAL CLASSIFICATION NUMBER
Classification number 017
Item number HAM
245 #0 - TITLE STATEMENT
Title Public and private morality
260 ## - PUBLICATION, DISTRIBUTION, ETC. (IMPRINT)
Place of publication Cambridge
Name of publisher Cambridge University
Year of publication 1978
700 ## - ADDED ENTRY--PERSONAL NAME
Personal name Hampshire, Stuart
942 ## - ADDED ENTRY ELEMENTS (KOHA)
Koha item type Books
Holdings
Withdrawn status Lost status Damaged status Not for loan Home library Current library Date acquired Cost, normal purchase price Full call number Accession Number Koha item type
        RRII Library RRII Library 16/12/2021 6.50 017 HAM 13748 Books